Investing in developing countries
Shranjeno v:
| Format: | Knjiga |
|---|---|
| Jezik: | Undetermined |
| Izdano: |
Paris
OECD
1972
|
| Teme: | |
| Oznake: |
Označite
Brez oznak, prvi označite!
|
| Thư viện lưu trữ: | Trung tâm Học liệu Trường Đại học Cần Thơ |
|---|
| LEADER | 00620nam a2200181Ia 4500 | ||
|---|---|---|---|
| 001 | CTU_82377 | ||
| 008 | 210402s9999 xx 000 0 und d | ||
| 082 | |a 332.67 | ||
| 082 | |b I.62 | ||
| 245 | 0 | |a Investing in developing countries | |
| 245 | 0 | |c Facilities for the promotion of foreign private investment in developing countries | |
| 260 | |a Paris | ||
| 260 | |b OECD | ||
| 260 | |c 1972 | ||
| 650 | |a Economic assistance,Investments, foreign,Organisation for economic co-operation and development | ||
| 650 | |x Developing countries | ||
| 904 | |i Trọng Hải | ||
| 980 | |a Trung tâm Học liệu Trường Đại học Cần Thơ | ||